| 000 | 00650nam a22002177a 4500 | ||
|---|---|---|---|
| 005 | 20160802113111.0 | ||
| 010 | _aENG-115614 | ||
| 020 |
_a9789351437024 _c395.00 |
||
| 035 | _aEN-99146 | ||
| 037 | _bDBAD/PUB | ||
| 082 | _a320 | ||
| 100 | _aNunes,William | ||
| 245 |
_aPolitical Science -I / _cby William Nunes, Aruna Malik [and] Ravi Saxena |
||
| 250 | _a. | ||
| 260 |
_aGurgaon _bLexis Nexis _c2016 |
||
| 270 |
_a14th Floor, Building No.10, Tower-B, DLF Cyber City, Phase-II _bGurgaon _e122002 |
||
| 300 |
_avii,231p. _c24cm(pbk) |
||
| 700 | _aMalik, Arun Kumar | ||
| 700 | _aSaxena,Ravi | ||
| 942 |
_2ddc _cEN _mNUN _h320 |
||
| 999 |
_c101708 _d101708 |
||